000 00799nam a2200229Ii 4500
003 JO-AjNU
008 230605s9999||||xx |||||||||||||| ||und||
017 _a2010/9271
020 _a978-977-379-101-7
040 _aJO-AjNU
_bara
_erda
_cJO-AjNU
041 _aara
050 1 4 _aKZ6471.N37.2011
100 3 _a مريم ، ناصرى ,
_eauthor
_934150
245 0 0 _aفعالية العقاب على الانتهاكات الجسيمة لقواعد القانون الدولى الإنساني
250 _aط1
264 3 1 _aالاسكندرية : دار الفكر الجامعي ، 2011
300 _a364ص
336 _atext
_btxt
_2rdacontent
337 _aunmediated
_bn
_2rdamedia
338 _avolume
_bnc
_2rdacarrier
650 4 _aالقانون الدولي الإنساني
_934151
999 _aA13970
_c17538
_d17538